| 000 | 00953nam2a22002411 4500 | ||
|---|---|---|---|
| 001 | RU\NLR\A1SV\108519 | ||
| 005 | 20251203152403.2 | ||
| 035 | _a(NLR Aleph) 009789872 | ||
| 090 |
_a13486769 _c13486769 |
||
| 100 | _a20101103d1926 u y0rusy50 ca | ||
| 101 | 0 | _arus | |
| 200 | 1 |
_aЛаковый поднос _d(Le plateau de laque) _fПер. и предисл. А.А.Смирнова |
|
| 210 | _d1926 | ||
| 215 | _a254 с., 1 л. ил.) | ||
| 316 |
_aЭкз. РНБ деф.: отсутствует обл. _517.122.3.4-13 _5Л 60 В-1/44-13 |
||
| 461 | 1 |
_1001RU\NLR\A1SV\108510 _12000#$v13 _910131863 _aРенье, А. де (1864-1936) _cЛ. _d1923-1927 _fАнри де Ренье _nAcademia _oВ 17 [19!] т. : Пер. с фр. _tСобрание сочинений Анри де Ренье _v13 |
|
| 801 | 0 |
_aRU _bNLR _c20101103 |
|
| 852 |
_aNLR _j17.122.3.4(13) |
||
| 852 |
_aNLR _jЛ60 В-1/44(13) |
||
| 942 | _cBOOK | ||
| 980 | _aA1SV | ||
| 980 | _aNB | ||